| Tag |
First Indicator |
Second Indicator |
Subfields |
| LEADER |
00000cam a2200000Ia 4500 |
| 001 |
in00003829607 |
| 005 |
20190415175723.0 |
| 006 |
m o d |
| 007 |
cr cn||||||||| |
| 008 |
110215s2010 cou ob 000 0 eng d |
| 010 |
|
|
|z 2010004062
|
| 019 |
|
|
|a 781540686
|a 785782236
|a 961548498
|a 962592665
|a 966222112
|
| 020 |
|
|
|a 9781615837908
|q (electronic bk.)
|
| 020 |
|
|
|a 1615837906
|q (electronic bk.)
|
| 020 |
|
|
|a 9781613001158
|q (e-book)
|
| 020 |
|
|
|a 1613001150
|q (e-book)
|
| 020 |
|
|
|z 9781583217849
|
| 035 |
|
|
|a (OCoLC)ocn701924048
|
| 035 |
|
|
|a (OCoLC)701924048
|z (OCoLC)781540686
|z (OCoLC)785782236
|z (OCoLC)961548498
|z (OCoLC)962592665
|z (OCoLC)966222112
|
| 037 |
|
|
|b Knovel Corporation
|n http://www.knovel.com
|
| 040 |
|
|
|a KNOVL
|b eng
|e pn
|c KNOVL
|d OCLCQ
|d DEBSZ
|d OCLCQ
|d E7B
|d OCLCQ
|d KNOVL
|d ZCU
|d KNOVL
|d OCLCQ
|d COO
|d KNOVL
|d YDXCP
|d OCLCQ
|d AZK
|d LOA
|d UtOrBLW
|
| 043 |
|
|
|a n-us---
|
| 049 |
|
|
|a TXAM
|
| 050 |
|
4 |
|a TD223
|b .S685 2010eb
|
| 082 |
0 |
4 |
|a 628.1/10973
|2 22
|
| 245 |
0 |
0 |
|a Source water protection :
|b operational guide to AWWA standard G300 /
|c by Chi Ho Sham [and others].
|
| 246 |
1 |
8 |
|a Operational guide to AWWA standard G300 : source water protection
|
| 264 |
|
1 |
|a Denver, CO :
|b American Water Works Association,
|c [2010]
|
| 264 |
|
4 |
|c ©2010
|
| 300 |
|
|
|a 1 online resource (iii, 146 pages)
|
| 336 |
|
|
|a text
|b txt
|2 rdacontent
|
| 337 |
|
|
|a computer
|b c
|2 rdamedia
|
| 338 |
|
|
|a online resource
|b cr
|2 rdacarrier
|
| 380 |
|
|
|a Bibliography
|
| 504 |
|
|
|a Includes bibliographical references.
|
| 588 |
0 |
|
|a Print version record.
|
| 500 |
|
|
|a Electronic resource.
|
| 650 |
|
0 |
|a Wellhead protection
|x Standards
|z United States.
|
| 650 |
|
0 |
|a Groundwater
|x Pollution
|x Prevention
|x Standards
|z United States.
|
| 655 |
|
7 |
|a Electronic books.
|2 local
|
| 700 |
1 |
|
|a Sham, Chi Ho.
|0 http://id.loc.gov/authorities/names/n2010010265
|
| 710 |
2 |
|
|a Knovel (Firm)
|0 http://id.loc.gov/authorities/names/nr2001027264
|
| 710 |
2 |
|
|a American Water Works Association.
|0 http://id.loc.gov/authorities/names/n79026966
|
| 776 |
1 |
8 |
|i Print version:
|t Source water protection.
|d Denver, CO : American Water Works Association, ©2010
|z 9781583217849
|w (DLC) 2010004062
|w (OCoLC)528648852
|
| 856 |
4 |
0 |
|u http://proxy.library.tamu.edu/login?url=http://app.knovel.com/hotlink/toc/id:kpOGAWWA1G/operational-guide-to
|z Connect to the full text of this electronic book
|t 0
|
| 999 |
f |
f |
|s 5c19940a-030b-364f-b836-d9e11fd7d321
|i 221cdef8-7766-3e96-8fd0-ff3805ed67df
|t 0
|
| 952 |
f |
f |
|a Texas A&M University
|b College Station
|c Electronic Resources
|d Available Online
|t 0
|e TD223 .S685 2010eb
|h Library of Congress classification
|
| 998 |
f |
f |
|a TD223 .S685 2010eb
|t 0
|l Available Online
|